00436nam a2200109 i 4500001000300000245014700003260002100150040000800171041000800179008004100187856009800228bg 0aMateriały z ogólnopolskiego seminarium dydaktycznego.VII Dni wymiany doświadczeń w nauczniu fizyki w wyższych szkołach technicznych. aSzczecin,c1988. cBPK apol s pl f |000 0 pol  uhttp://koha.tu.koszalin.pl/cgi-bin/koha/opac-detail.pl?biblionumber=29003yKatalog online BPK